Jaundice : (Record no. 38890)

MARC details
000 -LEADER
fixed length control field 00708cam a22002291a 4500
001 - CONTROL NUMBER
control field med48000474
003 - CONTROL NUMBER IDENTIFIER
control field DLC
005 - DATE AND TIME OF LATEST TRANSACTION
control field 20260227111609.0
008 - FIXED-LENGTH DATA ELEMENTS--GENERAL INFORMATION
fixed length control field 820312s1947 nyuafo b 001 0 eng
010 ## - LIBRARY OF CONGRESS CONTROL NUMBER
LC control number med48000474
035 ## - SYSTEM CONTROL NUMBER
System control number (OCoLC)8241315
040 ## - CATALOGING SOURCE
Original cataloging agency DLC
Transcribing agency TxHMC
Modifying agency TxHMC
-- DLC
042 ## - AUTHENTICATION CODE
Authentication code premarc
050 00 - LIBRARY OF CONGRESS CALL NUMBER
Classification number RC851
Item number .M6
060 ## - NATIONAL LIBRARY OF MEDICINE CALL NUMBER
Classification number WI 703 M935j 1947
100 1# - MAIN ENTRY--PERSONAL NAME
Personal name Movitt, Eli Rodin,
Dates associated with a name 1907-
245 10 - TITLE STATEMENT
Title Jaundice :
Remainder of title its pathogensis and differential diagnosis /
Statement of responsibility, etc. Eli Rodin Movitt.
260 ## - PUBLICATION, DISTRIBUTION, ETC.
Place of publication, distribution, etc. New York :
Name of publisher, distributor, etc. Oxford University Press,
Date of publication, distribution, etc. 1947
300 ## - PHYSICAL DESCRIPTION
Extent xvi, 261 p. :
Other physical details ill. ;
Dimensions 25 cm.
440 #0 - SERIES STATEMENT/ADDED ENTRY--TITLE
Title Oxford medical publications
504 ## - BIBLIOGRAPHY, ETC. NOTE
Bibliography, etc. note Includes bibliographical references and index.

No items available.

Powered by Koha